000 00520nam a2200169 i 4500
001 56954
003 ES-MaACL
007 t|
008 031014s1973 sp ||||1| spa d
100 1 _aDiehl, R.
_944594
245 1 0 _aFitotecnia general /
_cR. Diehl, J.M. Mateo Box y P. Urbano Terrón.
260 _aMadrid :
_bMundi-Prensa,
_c1973.
300 _aXXIV, 814 p., 2 lám. :
_bil. ;
_c24 cm.
700 1 _aMateo Box, José María.
_978956
700 1 _aUrbano Terrón, P.
_9112080
852 _aES-MaACL
_jE-7495
_bR.91783
999 _c56954
_d56954